[Event "Tournoi GMI ECAM LaSalle Lyon 2024"]
[Site "?"]
[Date "2024.04.28"]
[Round "9.2"]
[White "Crut, Aurelien"]
[Black "Boyer, Mahel"]
[Result "1/2-1/2"]
[WhiteElo "2312"]
[BlackElo "2432"]
[PlyCount "32"]
[EventDate "2024.04.??"]
[EventType "tourn"]

1. e4 {[%emt 14:39:14]} e6 {[%emt 0:01:35]} 2. d4 {[%emt 0:00:10]} d5 {
[%emt 0:00:04]} 3. Nd2 {[%emt 0:00:10]} c5 {[%emt 0:00:10]} 4. Ngf3 {
[%emt 0:00:28]} a6 {[%emt 0:00:10]} 5. c3 {[%emt 0:01:41]} Nc6 {[%emt 0:06:23]}
6. Bd3 {[%emt 0:00:59]} cxd4 {[%emt 0:00:35]} 7. cxd4 {[%emt 0:00:15]} dxe4 {
[%emt 0:00:04]} 8. Nxe4 {[%emt 0:00:14]} Bb4+ {[%emt 0:01:08]} 9. Bd2 {
[%emt 0:02:02]} Be7 {[%emt 0:00:36]} 10. O-O {[%emt 0:11:52]} Nf6 {
[%emt 0:00:03]} 11. Nxf6+ {[%emt 0:24:19]} Bxf6 {[%emt 0:00:12]} 12. Bc3 {
[%emt 0:00:42]} O-O {[%emt 0:06:07]} 13. Ne5 Qd6 {[%emt 0:22:10]} 14. Re1 {
[%emt 0:05:43]} Bd7 {[%emt 0:01:36]} 15. Qf3 {[%emt 0:06:41]} Rad8 {
[%emt 0:09:27]} 16. Rad1 {[%emt 0:02:58]} Qc7 {[%emt 0:06:46]} 1/2-1/2

[Event "Tournoi GMI ECAM LaSalle Lyon 2024"]
[Site "?"]
[Date "2024.04.28"]
[Round "9.3"]
[White "Shyaamnikhil P"]
[Black "Droin, Augustin"]
[Result "1/2-1/2"]
[WhiteElo "2390"]
[BlackElo "2478"]
[PlyCount "138"]
[EventDate "2024.04.??"]
[EventType "tourn"]

1. e4 {[%emt 14:39:27]} e5 {[%emt 0:00:28]} 2. Nf3 {[%emt 0:00:31]} Nc6 {
[%emt 0:00:05]} 3. Bb5 {[%emt 0:06:50]} Nf6 {[%emt 0:00:06]} 4. O-O {
[%emt 0:05:40]} Nxe4 {[%emt 0:00:06]} 5. d4 {[%emt 0:01:06]} exd4 {
[%emt 0:00:05]} 6. Re1 {[%emt 0:07:56]} f5 {[%emt 0:00:06]} 7. Nxd4 {
[%emt 0:05:40]} Nxd4 {[%emt 0:00:05]} 8. Qxd4 {[%emt 0:00:07]} c6 {
[%emt 0:00:05]} 9. f3 {[%emt 0:05:20]} cxb5 {[%emt 0:00:05]} 10. fxe4 {
[%emt 0:00:06]} Qb6 {[%emt 0:00:02]} 11. exf5+ {[%emt 0:01:41]} Kf7 {
[%emt 0:00:03]} 12. Be3 {[%emt 0:01:23]} Qxd4 {[%emt 0:00:05]} 13. Bxd4 {
[%emt 0:00:06]} b6 {[%emt 0:00:03]} 14. Nc3 {[%emt 0:03:15]} b4 {[%emt 0:00:04]
} 15. Ne4 {[%emt 0:00:33]} h6 {[%emt 0:00:05]} 16. Nf2 {[%emt 0:11:09]} d6 {
[%emt 0:10:15]} 17. Nd3 {[%emt 0:07:17]} Bxf5 {[%emt 0:13:14]} 18. Nxb4 {
[%emt 0:01:55]} Re8 {[%emt 0:18:22]} 19. Rf1 {[%emt 0:12:22]} Kg6 {
[%emt 0:00:21]} 20. c3 {[%emt 0:00:42]} Bd7 {[%emt 0:13:38]} 21. a4 {
[%emt 0:06:23]} Be7 {[%emt 0:00:03]} 22. a5 {[%emt 0:00:14]} Bb5 {
[%emt 0:01:00]} 23. Rf3 {[%emt 0:02:25]} Bh4 {[%emt 0:02:38]} 24. axb6 {
[%emt 0:00:33]} axb6 {[%emt 0:00:03]} 25. Bxb6 {[%emt 0:02:24]} Re2 {
[%emt 0:08:30]} 26. Bf2 {[%emt 0:04:30]} Bxf2+ {[%emt 0:00:09]} 27. Rxf2 {
[%emt 0:00:04]} Rhe8 {[%emt 0:00:03]} 28. Rxe2 {[%emt 0:02:31]} Rxe2 {
[%emt 0:00:03]} 29. Rd1 {[%emt 0:01:47]} Rxb2 {[%emt 0:00:43]} 30. Rxd6+ {
[%emt 0:00:07]} Kh7 {[%emt 0:00:04]} 31. Rd1 {[%emt 0:02:34]} Be8 {
[%emt 0:01:12]} 32. Nd3 {[%emt 0:01:51]} Ra2 {[%emt 0:00:52]} 33. Ne5 {
[%emt 0:03:02]} Re2 {[%emt 0:03:41]} 34. Rd5 {[%emt 0:02:02]} g5 {
[%emt 0:00:58]} 35. Kf1 {[%emt 0:00:49]} Rc2 {[%emt 0:00:09]} 36. c4 {
[%emt 0:00:11]} Kg7 {[%emt 0:01:34]} 37. Rd6 {[%emt 0:01:00]} h5 {
[%emt 0:02:42]} 38. Re6 {[%emt 0:01:12]} Bf7 {[%emt 0:01:41]} 39. Rc6 {
[%emt 0:00:24]} Be8 {[%emt 0:00:03]} 40. Re6 {[%emt 0:01:13]} Bf7 {
[%emt 0:00:05]} 41. Rc6 {[%emt 0:00:39]} Be8 {[%emt 0:01:10]} 42. Rc8 {
[%emt 0:02:26]} Ba4 {[%emt 0:00:11]} 43. Nf3 {[%emt 0:02:48]} g4 {
[%emt 0:00:43]} 44. Nd4 {[%emt 0:00:32]} Rd2 {[%emt 0:03:19]} 45. Nf5+ {
[%emt 0:02:56]} Kg6 {[%emt 0:03:14]} 46. Ne3 {[%emt 0:00:22]} Rb2 {
[%emt 0:03:13]} 47. Rc5 {[%emt 0:10:15]} Bd7 {[%emt 0:00:34]} 48. Rd5 {
[%emt 0:00:20]} Be6 {[%emt 0:00:07]} 49. Re5 {[%emt 0:00:12]} Bc8 {
[%emt 0:05:10]} 50. Rb5 {[%emt 0:01:39]} Ra2 {[%emt 0:03:24]} 51. Nd5 {
[%emt 0:00:35]} Ba6 {[%emt 0:03:37]} 52. Nf4+ {[%emt 0:00:10]} Kf7 {
[%emt 0:00:04]} 53. Rf5+ {[%emt 0:00:52]} Ke7 {[%emt 0:00:03]} 54. Rxh5 {
[%emt 0:02:53]} Bxc4+ {[%emt 0:00:04]} 55. Kg1 {[%emt 0:00:07]} Kf6 {
[%emt 0:00:03]} 56. Rc5 {[%emt 0:00:19]} Bf7 {[%emt 0:00:51]} 57. Kf1 {
[%emt 0:01:51]} Ra4 {[%emt 0:01:47]} 58. g3 {[%emt 0:00:08]} Ra2 {
[%emt 0:01:28]} 59. Kg1 {[%emt 0:00:36]} Rd2 {[%emt 0:00:26]} 60. Ra5 {
[%emt 0:01:27]} Rd1+ {[%emt 0:00:52]} 61. Kf2 {[%emt 0:00:10]} Rd2+ {
[%emt 0:00:03]} 62. Ke3 {[%emt 0:00:06]} Rxh2 {[%emt 0:00:03]} 63. Ra6+ {
[%emt 0:00:19]} Kf5 {[%emt 0:00:08]} 64. Ra7 {[%emt 0:00:32]} Kf6 {
[%emt 0:00:46]} 65. Nd3 {[%emt 0:00:17]} Bc4 {[%emt 0:00:38]} 66. Nc5 {
[%emt 0:00:15]} Kf5 {[%emt 0:01:07]} 67. Ra5 {[%emt 0:00:30]} Ra2 {
[%emt 0:00:24]} 68. Rxa2 {[%emt 0:01:16]} Bxa2 {[%emt 0:00:04]} 69. Ne4 {
[%emt 0:00:04]} Ke5 {[%emt 0:00:11]} 1/2-1/2

[Event "Tournoi GMI ECAM LaSalle Lyon 2024"]
[Site "?"]
[Date "2024.04.28"]
[Round "9.1"]
[White "Gatineau, Yovann"]
[Black "Poetsch, Hagen"]
[Result "1/2-1/2"]
[WhiteElo "2408"]
[BlackElo "2460"]
[PlyCount "61"]
[EventDate "2024.04.??"]
[EventType "tourn"]

1. d4 {[%emt 0:00:24]} Nf6 {[%emt 0:00:10]} 2. c4 {[%emt 0:00:09]} e6 {
[%emt 0:00:06]} 3. Nf3 {[%emt 0:00:09]} d5 {[%emt 0:00:08]} 4. Nc3 {
[%emt 0:00:12]} Bb4 {[%emt 0:00:20]} 5. Bg5 {[%emt 0:02:37]} dxc4 {
[%emt 0:00:11]} 6. e4 {[%emt 0:00:07]} b5 {[%emt 0:01:03]} 7. a4 {
[%emt 0:02:14]} c5 {[%emt 0:00:08]} 8. axb5 {[%emt 0:02:06]} cxd4 {
[%emt 0:00:07]} 9. Nxd4 {[%emt 0:01:05]} h6 {[%emt 0:00:06]} 10. Be3 {
[%emt 0:01:43]} Nxe4 {[%emt 0:00:07]} 11. Qc2 {[%emt 0:02:13]} Bb7 {
[%emt 0:02:33]} 12. Bxc4 {[%emt 0:04:35]} Qc7 {[%emt 0:15:38]} 13. O-O {
[%emt 0:00:56]} Nxc3 {[%emt 0:16:21]} 14. bxc3 {[%emt 0:05:53]} Qxc4 {
[%emt 0:01:49]} 15. cxb4 {[%emt 0:00:32]} Qd5 {[%emt 0:01:09]} 16. f3 {
[%emt 0:01:26]} O-O {[%emt 0:05:57]} 17. Ra5 {[%emt 0:09:15]} Rc8 {
[%emt 0:03:16]} 18. Qb2 {[%emt 0:05:02]} Qd6 {[%emt 0:08:00]} 19. Rfa1 {
[%emt 0:02:11]} Rc4 {[%emt 0:06:04]} 20. Rxa7 {[%emt 0:04:58]} Rxa7 {
[%emt 0:00:05]} 21. Rxa7 Rxb4 {[%emt 0:04:09]} 22. Qc3 {[%emt 0:03:53]} Bd5 {
[%emt 0:10:15]} 23. Rc7 {[%emt 0:16:15]} Nd7 {[%emt 0:01:28]} 24. Rc8+ {
[%emt 0:03:30]} Kh7 {[%emt 0:01:09]} 25. Qd3+ {[%emt 0:07:53]} f5 {
[%emt 0:04:57]} 26. Bd2 {[%emt 0:00:25]} Ra4 {[%emt 0:02:32]} 27. Bc3 {
[%emt 0:01:50]} Ne5 {[%emt 0:02:56]} 28. Qe3 {[%emt 0:02:16]} Nc4 {
[%emt 0:00:36]} 29. Qd3 {[%emt 0:03:00]} Ne5 {[%emt 0:00:39]} 30. Qe3 {
[%emt 0:04:46]} Nc4 {[%emt 0:01:03]} 31. Qd3 {[%emt 0:00:24]} 1/2-1/2